<?xml version="1.0" encoding="UTF-8"?>
<record
    xmlns:xsi="http://www.w3.org/2001/XMLSchema-instance"
    xsi:schemaLocation="http://www.loc.gov/MARC21/slim http://www.loc.gov/standards/marcxml/schema/MARC21slim.xsd"
    xmlns="http://www.loc.gov/MARC21/slim">

  <leader>00877nam a22001577a 4500</leader>
  <controlfield tag="008">140714b        xxu||||| |||| 00| 0 eng d</controlfield>
  <datafield tag="020" ind1=" " ind2=" ">
    <subfield code="a">9964782551</subfield>
  </datafield>
  <datafield tag="050" ind1=" " ind2=" ">
    <subfield code="a">Dp/HF5387.W84</subfield>
  </datafield>
  <datafield tag="100" ind1=" " ind2=" ">
    <subfield code="a">Woode, Samuel N.</subfield>
  </datafield>
  <datafield tag="245" ind1=" " ind2=" ">
    <subfield code="a">Ethical dilemmas and moral temptations: cases in administration (Ghanaian administrators talk about everyday moral challenges). /</subfield>
    <subfield code="c">Samuel N.Woode.</subfield>
  </datafield>
  <datafield tag="260" ind1=" " ind2=" ">
    <subfield code="a">Accra :</subfield>
    <subfield code="b">Asempa Publishers, Christian Council of Ghana,</subfield>
    <subfield code="c">1998.</subfield>
  </datafield>
  <datafield tag="300" ind1=" " ind2=" ">
    <subfield code="a">xv, 142 p. :</subfield>
    <subfield code="c">21 cm.</subfield>
  </datafield>
  <datafield tag="500" ind1=" " ind2=" ">
    <subfield code="a">Includes bibliographical references.</subfield>
  </datafield>
  <datafield tag="505" ind1=" " ind2=" ">
    <subfield code="a">Contents: Purchasing and supply -- Confidential information -- Personnel administration -- Office romance -- Sexual harassment -- Manipulation of subordinates -- Theft -- Entertainment,hospitality, and gifts -- Admissions -- Hierarchy -- Family and friends -- Greed -- Abuse of privileges -- Expense abuse. </subfield>
  </datafield>
  <datafield tag="942" ind1=" " ind2=" ">
    <subfield code="2">lcc</subfield>
    <subfield code="c">BK</subfield>
  </datafield>
  <datafield tag="999" ind1=" " ind2=" ">
    <subfield code="c">3128</subfield>
    <subfield code="d">10628</subfield>
  </datafield>
  <datafield tag="952" ind1=" " ind2=" ">
    <subfield code="0">0</subfield>
    <subfield code="1">0</subfield>
    <subfield code="2">lcc</subfield>
    <subfield code="4">0</subfield>
    <subfield code="7">0</subfield>
    <subfield code="a">WIUC-1</subfield>
    <subfield code="b">WIUC-1</subfield>
    <subfield code="c">REF</subfield>
    <subfield code="d">2014-07-14</subfield>
    <subfield code="l">0</subfield>
    <subfield code="o">Dp/HF5387.W84</subfield>
    <subfield code="p">7694/121/14</subfield>
    <subfield code="r">2014-07-14 00:00:00</subfield>
    <subfield code="t">1</subfield>
    <subfield code="w">2014-07-14</subfield>
    <subfield code="y">BK</subfield>
  </datafield>
  <datafield tag="952" ind1=" " ind2=" ">
    <subfield code="0">0</subfield>
    <subfield code="1">0</subfield>
    <subfield code="2">lcc</subfield>
    <subfield code="4">0</subfield>
    <subfield code="7">0</subfield>
    <subfield code="a">WIUC-1</subfield>
    <subfield code="b">WIUC-1</subfield>
    <subfield code="c">REF</subfield>
    <subfield code="d">2014-07-14</subfield>
    <subfield code="l">0</subfield>
    <subfield code="o">Dp/HF5387.W841</subfield>
    <subfield code="p">8464/058/19</subfield>
    <subfield code="r">2019-09-06 00:00:00</subfield>
    <subfield code="t">2</subfield>
    <subfield code="w">2014-07-14</subfield>
    <subfield code="y">BK</subfield>
  </datafield>
  <datafield tag="952" ind1=" " ind2=" ">
    <subfield code="0">0</subfield>
    <subfield code="1">0</subfield>
    <subfield code="2">lcc</subfield>
    <subfield code="4">0</subfield>
    <subfield code="7">0</subfield>
    <subfield code="a">WIUC-1</subfield>
    <subfield code="b">WIUC-1</subfield>
    <subfield code="c">LL</subfield>
    <subfield code="d">2014-07-14</subfield>
    <subfield code="l">0</subfield>
    <subfield code="o">Dp/HF5387.W842</subfield>
    <subfield code="p">2692/042/19</subfield>
    <subfield code="r">2019-09-09 00:00:00</subfield>
    <subfield code="t">3</subfield>
    <subfield code="w">2014-07-14</subfield>
    <subfield code="y">BK</subfield>
  </datafield>
  <datafield tag="952" ind1=" " ind2=" ">
    <subfield code="0">0</subfield>
    <subfield code="1">0</subfield>
    <subfield code="2">lcc</subfield>
    <subfield code="4">0</subfield>
    <subfield code="7">0</subfield>
    <subfield code="a">WIUC-KL</subfield>
    <subfield code="b">WIUC-KL</subfield>
    <subfield code="c">LL</subfield>
    <subfield code="d">2019-08-19</subfield>
    <subfield code="l">0</subfield>
    <subfield code="o">HF5387.W84</subfield>
    <subfield code="p">KSL/007/19</subfield>
    <subfield code="r">2021-06-04 00:00:00</subfield>
    <subfield code="t">1</subfield>
    <subfield code="w">2021-06-04</subfield>
    <subfield code="y">BK</subfield>
  </datafield>
  <datafield tag="952" ind1=" " ind2=" ">
    <subfield code="0">0</subfield>
    <subfield code="1">0</subfield>
    <subfield code="2">lcc</subfield>
    <subfield code="4">0</subfield>
    <subfield code="7">0</subfield>
    <subfield code="a">WIUC-KL</subfield>
    <subfield code="b">WIUC-KL</subfield>
    <subfield code="c">LL</subfield>
    <subfield code="d">2019-08-19</subfield>
    <subfield code="l">0</subfield>
    <subfield code="o">HF5387.W841</subfield>
    <subfield code="p">KSL/008/19</subfield>
    <subfield code="r">2021-06-04 00:00:00</subfield>
    <subfield code="t">2</subfield>
    <subfield code="w">2021-06-04</subfield>
    <subfield code="y">BK</subfield>
  </datafield>
  <datafield tag="952" ind1=" " ind2=" ">
    <subfield code="0">0</subfield>
    <subfield code="1">0</subfield>
    <subfield code="2">lcc</subfield>
    <subfield code="4">0</subfield>
    <subfield code="7">0</subfield>
    <subfield code="a">WIUC-KL</subfield>
    <subfield code="b">WIUC-KL</subfield>
    <subfield code="c">LL</subfield>
    <subfield code="d">2019-08-19</subfield>
    <subfield code="l">0</subfield>
    <subfield code="o">HF5387.W842</subfield>
    <subfield code="p">KSL/009/19</subfield>
    <subfield code="r">2021-06-04 00:00:00</subfield>
    <subfield code="t">3</subfield>
    <subfield code="w">2021-06-04</subfield>
    <subfield code="y">BK</subfield>
  </datafield>
</record>
